000 00567cab a2200217 4500
001 X1333
008 090401t1994 xxu||||| |||| 00| 0 eng d
035 _a(Sirsi) u16272
041 _aeng
245 _aLand pollution advice group
260 _c1994
350 _a0
490 _aCSM (Chartered Surveyor Monthly)
_v3(6) March 1994, 10(1)
650 _aCONTAMINATED LAND
650 _aLAND POLLUTION CONSORTIUM
650 _aLAND POLLUTION
650 _aROGERS CHAPMAN
690 _aENVIRONMENTAL AND LAND CONSULTANCY
942 _n0
948 _c04/03/1997
999 _c10695
_d10695